000 00645nam a2200205Ia 4500
003 GCL
008 140319s9999 xx 000 0 ara d
040 _aGCL /
_cGCL
082 0 4 _a665.73
_bع ت
100 1 _aعلى مصطفى فرج
245 1 0 _aتكنولوجيا الغاز الطبيعى /
_cعلى مصطفى فرج
700 1 _aجمال عبدالسلام
700 1 _aهشام شعيب
250 _aالاولى
300 _a269 ص ؛
_c30 سم
650 0 4 _aالغاز الطبيعى
650 0 4 _aالغاز الطبيعى - استهلاك
650 0 4 _aالغاز الطبيعى - تكنولوجيا
942 _2ddc
_cBK
999 _c56392
_d56392